| 000 | 00514nam a2200253Ia 4500 | ||
|---|---|---|---|
| 001 | 068273 | ||
| 003 | YMCAF | ||
| 005 | 20230512160512.0 | ||
| 008 | 100717s1979 ||||||||||||||||| ||und|d | ||
| 020 | _a- | ||
| 024 | _a68273 | ||
| 035 | _a7736 | ||
| 040 |
_aYMCAF _beng _cIN-KoLT |
||
| 041 | _aeng | ||
| 082 |
_a658.562 _bJUR |
||
| 100 | _aJURAN, J M | ||
| 245 | 0 | _aQUALISTY PLANNING & ANALYSIS | |
| 250 | _a- | ||
| 260 |
_bTMH _c1979 |
||
| 300 | _a684 | ||
| 653 | _a- | ||
| 653 | _a- | ||
| 942 |
_2ddc _cBK |
||
| 999 |
_c4944 _d4944 |
||